000 00501nam a2200181Ia 4500
005 20250508163455.0
008 008 250505s9999 xx 000 0 hin d
037 _aTextual
040 _aFEDL
_beng
_cFEDL
041 _ahin
_2eng
084 _a491.4307, RAJ
_qFEDL
100 _aRajesh Kumar
245 0 _aTrutiyan vishleshan aur sudhar
260 _aDelhi, India
_bAnubhav Prakashan
_c1989
300 _aix,176p.
942 _cTEXL
_h491.4307, RAJ
999 _c1383534
_d1383534